[Event "Verano op 2nd"]
[Site "Verano"]
[Date "2009.11.01"]
[Round "4.6"]
[White "Guzman, Yilmer A"]
[Black "Borrero, Alexander"]
[Result "1-0"]
[WhiteElo "1600"]
[BlackElo "1783"]
[PlyCount "103"]
[EventDate "2009.10.31"]
[EventType "swiss (rapid)"]
[EventRounds "6"]
[EventCountry "COL"]
[SourceTitle "EXT 2024"]
[Source "ChessBase"]
[SourceDate "2023.10.10"]
[SourceVersion "1"]
[SourceVersionDate "2023.10.10"]
[SourceQuality "1"]

1. d4 f5 2. c4 Nf6 3. Nc3 e6 4. e3 Be7 5. Bd3 0-0 6. Nf3 d5 7. Qb3 Kh8 8. 0-0 Nc6 9. Rd1 Nb4 10. Be2 c6 11. a3 dxc4 12. Bxc4 Nbd5 13. Qc2 Nxc3 14. bxc3 Qc7 15. Bd3 Bd6 16. c4 Ng4 17. h3 Nf6 18. Bb2 Qf7 19. Ne5 Bxe5 20. dxe5 Nd7 21. c5 Qe7 22. Rac1 Rd8 23. Be2 b6 24. Bd4 Bb7 25. Bf3 Rac8 26. a4 Nxc5 27. Bxc5 Rxd1+ 28. Bxd1 bxc5 29. Qxc5 Qxc5 30. Rxc5 Kg8 31. Be2 Rc7 32. a5 a6 33. Bf3 Kf7 34. Kf1 Ke7 35. Ke2 Rc8 36. Kd3 Kd7 37. Kc3 Kc7 38. Rc4 g5 39. Kb4 Rd8 40. Rd4 Rxd4+ 41. exd4 c5+ 42. Kxc5 Bxf3 43. gxf3 h5 44. f4 gxf4 45. d5 exd5 46. Kxd5 Kd7 47. f3 h4 48. e6+ Ke7 49. Ke5 Ke8 50. Kf6 Kf8 51. Kxf5 Ke7 52. Ke5 1-0